MDQL
is popping MORE tags! Check the
thread
!
Quizzes
Events
Quiz Creation
Community
Videos
Private Events
Remove Ads
Sign In
Join for FREE
Feedback
Dark Mode
Quiz Categories
Sports
Geography
Music
Movies
Television
Just For Fun
Miscellaneous
History
Literature
Language
Science
Gaming
Entertainment
Religion
Holiday
For Kids
Quiz Lab
Recent
Popular Today
Quiz Kudos Today
Editor Picks
Curator Picks
Quizzes by...
Day
Popularity
Type
Ratings
Length
Year
Community
Subscriptions
Recent Discussions
Orange Saloon
Badges
Playlists
Quests
Create
Leaderboards
Showdown
Live 5
Trivia Bingo
Activity
Puzzle Library
Sporcle Events
Private Events
Virtual Trivia
Globe League
Become a Host
Pub Owners
SporcleCon
Opinionation
Our Games
Videos
Blog
Mobile Apps
Partnerships
Remove Ads and Go Orange
Feedback
Language
Vocabulary
Begins and Ends
Definition
Spanish
French
German
Italian
Chinese
Latin
Translation
Japanese
Language
Vocabulary
Begins and Ends
Definition
Spanish
French
German
Italian
Chinese
Latin
Translation
Japanese
Random Quiz
Search Sporcle
×
Quiz Lab
Quiz Lab
Language
Clickable
Select answers by clicking on text or image buttons
Select answers by clicking on text or image buttons
Clickable
Best Score? Go Orange.
The Pittsburghese Quiz Stats
Can you name the Pittsburghese term from the clue provided?
By
ghostofgener
10m
30 Questions
2,076 Plays
2,076 Plays
2,076 Plays
Comments
Comments
Give Quiz Kudos
Give Quiz Kudos
-
- Ratings
hide this ad
Forced Order
Answers have to be entered in order
Answers have to be entered in order
Replay
Link that replays current quiz
Next Quiz
Link to next quiz in quiz playlist
You Got
0%
They Got
Avg Score
77%
Avg Friend Score
Upgrade to see
Score Distribution
Jump to the score distribution portion of the page
Score
0/30
Timer
10:00
0
Plays Today
% Correct
Dippy eggs
91.3%
Gum bands
90.9%
Slippy
90.2%
Blinker
89.9%
For here or to go?
89.9%
Spicket
88%
Nebby
85.9%
Pittsburgh chair
85.8%
Jaggerbush
85.4%
The worsh
85.2%
Jagoff
85%
Tossle cap
83.8%
Stop up the house
82.5%
Bring it down a thousand!
81.9%
McNightmare
81.2%
% Correct
Yinzer
78.9%
That's it, Fort Pitt
78.6%
Big Bird
78.3%
Kennywood's open!
77.4%
The Igloo
76.7%
Red up
73%
The Boonies
71.7%
City chicken
70.4%
N'nat
68.5%
Jumbo
67.5%
The Bus
65.4%
Up Mike's and down Jake's
64.4%
Hunky hand grenade
58.9%
Jiminy Christmas!
57.2%
Heinz 57
41.3%
Quiz Playlist
Details
Report
Send in Message
Add To Playlist
Clickable:
Select answers by clicking on text or image buttons
Forced Order:
Answers have to be entered in order
Last Updated: May 11, 2017
Quiz Scoreboard
CHALLENGE
Sign Up to Join the Scoreboard
Show All
Scores
Hide
Comments
May contain spoilers
Recently Published
Image Sorting: Flags VI
by Barbecue
Geography
2m
Find the 'City' Movie
by crazypaving
Movies
60s
Colored Red Africa Blitz
by spor1
Geography
45s
More to Explore
Quiz From the Vault
Featured Blog Post
14 Easter Pick-up Lines to Find Eggs With
hide this ad
You Might Also Like...
Tags
Clickable Quiz
pittsburghese
Provided
Term
Today's Top Quizzes in Language
Browse Language
hide this ad
Today's Top Quizzes in Clickable
Browse Clickable
Top Contributed Quizzes in Language
1
What Word Starts All?
2
1-10 Letter F Words III
3
Arabic Numerals
4
1-10 Letter G Words III
5
1-10 Letter H Words III
6
Weisst du, aus welchen Sprachen diese Wörter stammen?
7
1-10 Letter I Words III
8
Harry Potter book 6 chapters: English & Greek
9
1-10 Letter J Words III
10
Celtic Nations in their Language
Explore More
Trending Topics
Marvel
Kpop
Anime
Crossword
Disney
NBA
Harry Potter
Soccer
Song
NFL
Pokémon
WWE
Country
The Office
Puzzle
hide this ad
More By:
ghostofgener
Quiz
Plays
Rating
Category
Featured
Created
The Pittsburghese Quiz
2,076
5.00
Language
May 8, 2017
US Government Figure or Final Fantasy Character?
191
4.25
Just For Fun
May 8, 2017
Preposition-less Songs
68
2.88
Language
Oct 6, 2013
Verb-Less Movie Titles
20
Language
Mar 25, 2017
Go to Creator's Profile
Score Distribution
Quiz Creator Spotlight
ghostofgener
Follow
Send a Message
Quizzes Created
-
Created Quiz Play Count
-
More By This Creator
Popular Quizzes Today
1
Colored Red Africa Blitz
2
Find the US States - No Outlines Minefield
3
Find the 'City' Movie
4
5x2 Blitz: Bands
5
The Countries of the World
6
Find the US States
7
Find the Countries of Europe - No Outlines Minefield
8
US States
More Language Quizzes
Word Laddyrinth XIII
Published
Trending Quizzes
Colored Red Europe Blitz I
Colored Red Europe Blitz II
Colored Red Africa Blitz II
Colored Red Europe Blitz III
Colored Red Africa Blitz III
Recently Updated
How Do You Spell That?
pecheneg
Godzilla Movies
pecheneg
Grab Bag: 4-10 Letters
pecheneg
2024 March Madness Bracket
pecheneg
Famous TV Couples
Peacemaker
Champions League XIs: Real Madrid
pecheneg
Largest US Cities 1790-2010
pecheneg
Rides in Walt Disney World
pecheneg
Most Oscar Losses (Acting)
pecheneg
Beyoncé Albums
pecheneg
Trending Topics
Anime
Crossword
Disney
NBA
Harry Potter
Marvel
Kpop
Puzzle
Country
Pokémon
NFL
Song
WWE
The Office
Soccer
Your Account Isn't Verified!
In order to create a playlist on Sporcle, you need to verify the email address you used during registration. Go to your
Sporcle Settings
to finish the process.
Report this User
Report this user for behavior that violates our
Community Guidelines
.
Details:
Send Report
Go to the Sporcle.com Mobile Site →
Comments